| 000 | 00512nam a22001817a 4500 | ||
|---|---|---|---|
| 005 | 20130712121849.0 | ||
| 010 | _aENG-107967 | ||
| 020 |
_c595.00 _a9789380755267 |
||
| 035 | _aEN-91500 | ||
| 037 | _bDBAD/PUB | ||
| 100 | _aSen, Rai Saheb Dineshchandra | ||
| 245 | 0 | 0 |
_aThe Bengali Ramayanas / _cby Rai Saheb Dineshchandra Sen |
| 260 |
_aKolkata _bAruna Prakashan _c2012 |
||
| 270 |
_a2, Kalidas Singha Lane, _bKolkata _e700009 |
||
| 300 |
_a190p. _c18cm(Hb) |
||
| 500 | _aIncludes index | ||
| 942 |
_2ddc _cEN _mSEN |
||
| 999 |
_c77438 _d77438 |
||